banner-ar

الصاحب بن عباد : الوزير الاديب العالم / (Record no. 43677)

MARC details
000 -الفاتح
حقل البيانات ثابتة الطول 00565nam a2200205Ia 4500
005 - وقت وتاريخ اخر تعامل مع التسجيلة
رقم الضبط 20240530103941.0
008 - عناصر البيانات ثابتة الطول - معلومات عامة
حقل البيانات ثابتة الطول 140319s9999 xx 000 0 ara d
040 ## - مصدر الفهرسة
وكالة الفهرسة الأصلية GCL /
وكالة النسخ GCL
082 04 - رقم تصنيف ديوى العشرى
رقم التصنيف 920
رقم المادة ا ص
100 1# - المدخل الرئيسى - إسم شخصى
الإسم الشخصى بدوى طبانة
245 10 - بيان العنوان
العنوان الصاحب بن عباد : الوزير الاديب العالم /
بيان المسئوليه,etc بدوى طبانة
300 ## - الوصف المادى
التعداد 381 ص
490 ## - بيان السلسلة
عنوان السلسلة 100 قصة
رقم المجلد/ التعيين التسلسلي 0
650 04 - المدخل الاضافى بالموضوع-مصطلح موضوعى
مصطلح موضوعي الاسلام
650 04 - المدخل الاضافى بالموضوع-مصطلح موضوعى
مصطلح موضوعي التراجم
650 04 - المدخل الاضافى بالموضوع-مصطلح موضوعى
مصطلح موضوعي الادباء
650 04 - المدخل الاضافى بالموضوع-مصطلح موضوعى
مصطلح موضوعي الصاحب بن عباد
942 ## - عناصر المدخل الإضافي( كوها)
مصدر التصنيف او مخطط الترفيف Dewey Decimal Classification
Koha [default] item type كتاب
Holdings
حالة التراجع حالة الفقد حالة تلف ليس للاعارة المكان المؤقت الموقع الحالى تاريخ الاكتساب اجمالي اﻻعارات رقم الطلب الباركود تاريخ اخر مشاهدة تاريخ تفعيل السعر نوع وعاء كوها
        مكتبة القاهرة الكبرى مكتبة القاهرة الكبرى 03/26/2014   920\ب ص 105808 03/26/2014 03/26/2014 كتاب
        مكتبة القاهرة الكبرى مكتبة القاهرة الكبرى 03/26/2014   920\ب ص 105809 03/26/2014 03/26/2014 كتاب

Powered By

EGPV